[Event "1/32 Finale"]
[Site "www.chess-mail.com"]
[Date "2017.07.04"]
[Round "1"]
[White "Guidom"]
[Black "Llord"]
[WhiteElo "2070"]
[BlackElo "1930"]
[Result "1-0"]
[Round "1"]
1.e4 e5
2.Ng1f3 Nb8c6
3.Bf1b5 Bf8d6
4.O-O Ng8f6
5.d3 O-O
6.Bc1g5 a6
7.Bb5a4 b5
8.Ba4b3 h6
9.Bg5h4 Bd6e7
10.Nb1d2 d6
11.h3 Nf6d7
12.Bh4xe7 Qd8xe7
13.c3 Nd7c5
14.Bb3c2 a5
15.a3 Bc8e6
16.d4 exd4
17.cxd4 Nc5a4
18.Bc2xa4 bxa4
19.d5 Nc6e5
20.dxe6 fxe6
21.Nf3xe5 dxe5
22.Nd2f3 Ra8b8
23.Nf3xe5 Rb8xb2
24.Ne5g6 Qe7f6
25.Ng6xf8 Qf6xf8
26.Qd1xa4 Qf8a8
27.e5 g5
28.Qa4d7 { resign }
1-0

[Event "Tourn. n9424"]
[Site "www.chess-mail.com"]
[Date "2017.07.05"]
[Round "1"]
[White "Astroboy"]
[Black "Bojan"]
[WhiteElo "2110"]
[BlackElo "2050"]
[Result "1-0"]
[Round "1"]
1.e4 e5
2.f4 exf4
3.Ng1f3 Ng8f6
4.e5 Nf6d5
5.c4 Nd5e7
6.d4 Ne7g6
7.Bf1d3 d6
8.exd6 Bf8xd6
9.O-O O-O
10.Nb1c3 c6
11.Bc1d2 Rf8e8
12.Nc3e4 Bd6c7
13.h3 Bc8f5
14.Rf1e1 Nb8d7
15.Qd1b3 b6
16.Ne4d6 Re8xe1
17.Ra1xe1 Bc7xd6
18.Bd3xf5 Nd7f8
19.Qb3d3 Qd8f6
20.Bd2c3 Ng6h4
21.Bf5e4 Nf8g6
22.Be4xc6 Nh4xf3
23.Qd3xf3 Ra8b8
24.Qf3g4 Ng6e7
25.Bc6e4 Ne7g6
26.a3 a6
27.Kh1 Rb8e8
28.c5 bxc5
29.dxc5 Bd6e5
30.Be4xg6 fxg6
31.c6 Re8e7
32.Re1xe5 Re7xe5
33.c7 { resign }
1-0

[Event "Tourn. n9444"]
[Site "www.chess-mail.com"]
[Date "2017.07.05"]
[Round "1"]
[White "Fangshuo"]
[Black "Cjood"]
[WhiteElo "2140"]
[BlackElo "2040"]
[Result "0-1"]
[Round "1"]
1.e4 c5
2.Ng1f3 d6
3.d4 cxd4
4.Nf3xd4 Nb8c6
5.Bf1c4 e5
6.Nd4f3 h6
7.Nb1c3 Ng8f6
8.h3 Qd8b6
9.O-O Qb6b4
10.a3 Qb4xc4
11.Bc1e3 Nf6xe4
12.Nc3xe4 Qc4xe4
13.Nf3d2 Qe4g6
14.f4 Bc8xh3
15.Qd1f3 Bh3g4
16.f5 Qg6h5
17.Qf3d5 Bg4xf5
18.Nd2c4 O-O-O
19.b4 Bf5e6
20.Qd5d3 d5
21.Nc4a5 d4
22.Be3d2 e4
23.Qd3xe4 Be6d5
24.Qe4d3 Bf8d6
25.Bd2f4 Bd6xf4
26.Rf1xf4 Qh5g5
27.Qd3h3 Bd5e6
28.Qh3f3 Nc6xa5
29.bxa5 Qg5xa5
30.Ra1b1 Be6d5
31.Qf3d3 Rh8e8
32.Rf4f1 Rd8d7
33.Qd3xd4 Bd5a2
34.Qd4xd7 Kxd7
35.Rb1xb7 Kc8
36.Rb7b4 Qa5xa3
37.Rf1f4 Qa3c1
38.Kh2 Qc1xc2
39.Rb4b5 Qc2c7
40.g3 Re8e2
{ resign }
0-1

[Event "Tourn. n9356"]
[Site "www.chess-mail.com"]
[Date "2017.07.05"]
[Round "1"]
[White "Passaroa25"]
[Black "Quaff"]
[WhiteElo "1630"]
[BlackElo "1539"]
[Result "0-1"]
[Round "1"]
1.e4 e5
2.f3 Ng8f6
3.c3 d6
4.d3 Bf8e7
5.Nb1d2 Bc8d7
6.Nd2b3 h6
7.Ng1e2 Nb8c6
8.Ne2g3 O-O
9.Bf1e2 Nf6h7
10.Bc1e3 f5
11.Be3f2 f4
12.Ng3f5 Bd7xf5
13.exf5 Qd8d7
14.g4 fxg3
15.Bf2xg3 Qd7xf5
16.Qd1d2 Be7g5
17.Qd2c2 Bg5e3
18.Nb3d2 a5
19.Nd2f1 Be3a7
20.O-O-O b5
21.Kb1 Ra8c8
22.Qc2b3 Kh8
23.Qb3xb5 Nc6e7
24.Qb5xa5 Ba7b6
25.Qa5a4 Nh7g5
26.h4 Ng5xf3
27.Be2xf3 Qf5xf3
28.Qa4d7 Ne7f5
29.Nf1d2 Qf3xg3
30.Nd2e4 Qg3g6
31.Qd7a4 d5
32.h5 Qg6e6
33.Ne4d2 Rc8a8
34.Qa4b3 c5
35.Rh1h3 Rf8b8
36.Nd2f1 Nf5d6
37.Rh3g3 c4
38.dxc4 Nd6xc4
39.Qb3c2 Bb6c7
40.Rg3g6 Qe6f7
41.b4 Nc4a3
42.Kb2 Na3xc2
43.Kxc2 Qf7f5
44.Rd1d3 Qf5xh5
45.Rg6g2 Ra8xa2
{ resign }
0-1

[Event "Tourn. n9416"]
[Site "www.chess-mail.com"]
[Date "2017.07.05"]
[Round "1"]
[White "Jesmantiz"]
[Black "Castletyme"]
[WhiteElo "2150"]
[BlackElo "2030"]
[Result "1-0"]
[Round "1"]
1.d4 e6
2.e3 Nb8c6
3.f4 Ng8f6
4.a3 d5
5.Bf1d3 Bc8d7
6.Nb1d2 Qd8e7
7.Ng1f3 O-O-O
8.b4  { time }
1-0

[Event "Tourn. n9320"]
[Site "www.chess-mail.com"]
[Date "2017.07.05"]
[Round "1"]
[White "Awfen"]
[Black "Andychesston"]
[WhiteElo "2070"]
[BlackElo "1990"]
[Result "1/2-1/2"]
[Round "1"]
1.e4 e5
2.Ng1f3 Nb8c6
3.Bf1c4 d6
4.d4 Bc8g4
5.dxe5 Nc6xe5
6.Bc4e2 Bf8e7
7.O-O Ng8f6
8.Nb1c3 O-O
9.Bc1e3 Bg4xf3
10.Be2xf3 Ne5c4
11.Be3c1 c6
12.b3 Nc4e5
13.Bc1b2 Kh8
14.Bf3e2 Qd8c7
15.f4 Ne5g4
16.Be2xg4 Ra8d8
17.Qd1f3 d5
18.e5 Nf6xg4
19.Qf3xg4 f5
20.Qg4g3 d4
21.Nc3e2 Be7c5
22.Kh1 Rf8e8
23.Ra1d1 Qc7b6
24.Qg3g5 g6
25.Qg5f6 Kg8
26.e6 Re8e7
27.a3 Rd8f8
28.Qf6e5 Rf8d8
29.Ne2c3 Bc5d6
30.Qe5xd4 Qb6xd4
31.Rd1xd4 Bd6c7
32.Rd4xd8 Bc7xd8
33.Rf1e1 Bd8c7
34.g3 Bc7b6
35.Kg2 Bb6d4
36.Nc3a4 Bd4xb2
37.Na4xb2 Kg7
38.Nb2a4 b6
39.Na4c3 Kf6
40.Kf3 Re7xe6
41.Re1xe6 Kxe6
42.Nc3e2 c5
43.c4 h5
44.h3 a6
45.g4 h4
46.Ne2c3 Kd6
47.b4 Kc6
48.Nc3d5 cxb4
49.axb4 b5
50.Nd5e7 Kd6
51.c5 Kxe7
52.gxf5 gxf5
53.Ke3 Kd7
54.Kd4 Ke6
55.Kc3 Kd5
56.Kd3 a5
57.bxa5 Kxc5
58.Kc3 b4
59.Kb3 Kb5
60.a6 Kxa6
61.Kxb4 Kb6
62.Kc4 Kc6
63.Kd4 Kd6
64.Kc4 { draw }
1/2-1/2

[Event "Tourn. n9403"]
[Site "www.chess-mail.com"]
[Date "2017.07.05"]
[Round "1"]
[White "Drdoom"]
[Black "Azulmarino"]
[WhiteElo "1610"]
[BlackElo "1540"]
[Result "0-1"]
[Round "1"]
1.e4 d5
2.exd5 Qd8xd5
3.Nb1c3 Qd5e5
4.Bf1e2 a6
5.Ng1f3 Qe5f4
6.d4 Qf4g4
7.O-O Ng8f6
8.Be2d3 Nb8c6
9.Bc1e3 Qg4e6
10.b3 Nf6g4
11.Be3d2 Qe6d6
12.g3 Nc6xd4
13.Nf3xd4 Qd6xd4
 { time }
0-1

[Event "Tourn. n9387"]
[Site "www.chess-mail.com"]
[Date "2017.07.05"]
[Round "1"]
[White "Hundegana"]
[Black "Bojan"]
[WhiteElo "2000"]
[BlackElo "2000"]
[Result "0-1"]
[Round "1"]
1.e4 e5
2.Ng1f3 d6
3.h3 Bc8e6
4.c4 Qd8d7
5.d3 c5
6.Nb1c3 Ng8e7
7.Bf1e2 h6
8.O-O Nb8c6
9.a3 Nc6d4
10.Nf3xd4 cxd4
11.Nc3a2 Ne7g6
12.Kh2 Ng6f4
13.Bc1xf4 exf4
14.Be2g4 Be6xg4
15.Qd1xg4 Qd7xg4
16.hxg4 Bf8e7
17.Na2b4 h5
18.gxh5 Rh8xh5
19.Kg1 Kd7
20.Nb4d5 Ra8h8
21.f3 Be7d8
22.Nd5xf4 Rh5h2
23.Kf2 Bd8g5
24.Nf4h3 Bg5e3
25.Kg3 Rh2xh3
26.gxh3 Ke6
27.b4 b6
28.a4 Rh8h5
29.Ra1a2 Rh5g5
30.Kh2 Be3f4
31.Kh1 Rg5g3
32.Ra2g2 Rg3xh3
33.Kg1 Bf4e3
34.Rf1f2 Rh3xf3
35.Kf1 Be3xf2
36.Rg2xf2 Rf3xd3
37.c5 dxc5
38.bxc5 bxc5
39.Rf2c2 Rd3c3
40.Rc2b2 Rc3c4
41.a5 Rc4a4
42.Rb2b5 c4
43.Ke2 g6
44.Kd2 f5
45.exf5 gxf5
46.Ke2 Ra4a3
47.Rb5c5 Ra3e3
48.Kd2 c3
49.Kc2 f4
50.Rc5c7 f3
51.Rc7c8 Re3e2
52.Kd3 Re2d2
53.Ke4 Kd7
54.Rc8c5 f2
55.Rc5d5 Kc6
56.Rd5f5 c2
57.Rf5f6 Kb5
58.Rf6f5 Ka6
59.Rf5f6 Kxa5
60.Rf6f3 c1Q
61.Rf3f5 Kb4
62.Rf5f7 Rd2e2
63.Kxd4 Qc1d2
{ resign }
0-1

[Event "Match"]
[Site "www.echecsemail.com"]
[Date "2017.07.05"]
[Round "1"]
[White "Cjood"]
[Black "Coraza"]
[WhiteElo "1820"]
[BlackElo "1810"]
[Result "1-0"]
[Round "1"]
1.e4 e5
2.Ng1f3 Nb8c6
3.Bf1c4 h6
4.c3 Ng8f6
5.d3 a6
6.Bc1e3 b5
7.Bc4b3 Bc8b7
8.Qd1c2 Bf8e7
9.Nb1d2 b4
10.c4 a5
11.a3 Qd8c8
12.h3 O-O
13.g4 Rf8d8
14.g5 hxg5
15.Be3xg5 Nf6h7
16.Bg5xe7 Nc6xe7
17.Nf3xe5 d6
18.Ne5g4 Ne7c6
19.Nd2f3 Rd8e8
20.c5 d5
21.Bb3xd5 Nc6e7
22.Bd5xb7 Qc8xb7
23.Rh1g1 Ne7d5
24.Qc2c4 Nd5f4
25.Ng4e5 Re8f8
26.c6 Qb7c8
27.Ne5d7 Rf8d8
28.Nf3e5 Nf4xh3
29.Qc4xf7 { resign }
1-0

[Event "Match"]
[Site "www.echecsemail.com"]
[Date "2017.07.05"]
[Round "1"]
[White "Coraza"]
[Black "Canario"]
[WhiteElo "1840"]
[BlackElo "1860"]
[Result "1-0"]
[Round "1"]
1.Ng1f3 Nb8c6
2.e4 e5
3.Bf1c4 h6
4.c3 Ng8f6
5.Qd1b3 Qd8e7
6.O-O Nf6xe4
7.d4 exd4
8.cxd4 d6
9.Rf1e1 Nc6a5
10.Qb3a4 Na5c6
11.d5 Kd8
12.Bc4d3 Ne4c5
13.Qa4d1 Qe7f6
14.dxc6 bxc6
15.Nb1d2 Nc5xd3
16.Re1e3 Nd3xb2
17.Bc1xb2 Qf6xb2
18.Qd1e1 Bc8e6
19.Re3b3 Be6xb3
20.Ra1b1 Qb2xa2
21.Nd2xb3 Ra8b8
22.Nf3d2 a5
23.h4 a4
24.Rb1a1 Qa2b2
25.Ra1b1 Qb2c2
26.Rb1c1 Qc2d3
27.Nb3a5 Kd7
28.Na5xc6 Rb8b2
29.Qe1d1 f5
30.Nd2f3 Qd3xd1
31.Rc1xd1 Kxc6
32.Nf3d4 Kd7
33.Nd4xf5 a3
34.Rd1d3 a2
35.Rd3a3 d5
36.Ra3a7 Bf8c5
37.Ra7a5 Bc5xf2
38.Kh2 g5
39.Ra5xd5 Ke6
40.Rd5a5 c5
41.Nf5g7 Kd5
42.Ng7f5 Bf2d4
43.Nf5e7 Kc4
44.Ne7g6 Rh8h7
45.Ra5a4 Kb3
46.Ra4a8 Rb2f2
47.Ra8b8 Kc2
{ time. }
1-0

[Event "Match"]
[Site "www.echecsemail.com"]
[Date "2017.07.05"]
[Round "1"]
[White "Whitekknight"]
[Black "Cjood"]
[WhiteElo "1910"]
[BlackElo "1880"]
[Result "0-1"]
[Round "1"]
1.e4 e5
2.Ng1f3 Nb8c6
3.Bf1c4 Bf8c5
4.O-O Ng8f6
5.Nb1c3 d6
6.h3 Qd8e7
7.d3 h6
8.Nc3a4 Bc5b4
9.a3 Bb4a5
10.b4 Ba5b6
11.Na4xb6 axb6
12.Bc4b5 O-O
13.Bb5c4 Bc8d7
14.Bc1b2 Bd7e6
15.Bc4xe6 Qe7xe6
16.Rf1e1 b5
17.Kh2 b6
18.Nf3g1 Nc6e7
19.Qd1f3 Ne7g6
20.Qf3e3 Ra8e8
21.Re1f1 Nf6h5
22.g3 d5
23.Ra1d1 d4
24.Qe3f3 Nh5f6
25.Qf3g2 Ng6e7
26.g4 g5
27.f3 Kh7
28.Qg2g3 c5
29.bxc5 bxc5
30.Rd1a1 c4
31.Rf1d1 c3
32.Bb2c1 Ne7c6
33.h4 Rf8g8
34.hxg5 hxg5
35.Qg3h3 Kg7
36.Kg2 Rg8h8
37.Qh3g3 Kg6
38.Ng1h3 Nf6h7
39.Ra1b1 Qe6a2
40.Rb1xb5 Qa2xc2
41.Rd1d2 cxd2
{ resign }
0-1

[Event "Match"]
[Site "www.echecsemail.com"]
[Date "2017.07.05"]
[Round "1"]
[White "Juodivarnai"]
[Black "Karlgrocer"]
[WhiteElo "2130"]
[BlackElo "2070"]
[Result "1-0"]
[Round "1"]
1.e4 c5
2.Ng1f3 d6
3.d4 cxd4
4.Nf3xd4 Ng8f6
5.Nb1c3 e5
6.Bf1b5 Bc8d7
7.Bb5xd7 Nb8xd7
8.Nd4f5 a6
9.Nf5xd6 Bf8xd6
10.Qd1xd6 Ra8c8
11.O-O Qd8c7
12.Qd6xc7 Rc8xc7
13.Bc1g5 O-O
14.Ra1d1 b5
15.Rd1d2 b4
16.Nc3d5 Nf6xd5
17.Rd2xd5 f6
18.Bg5e3 Rf8c8
19.Rf1d1 Nd7f8
20.Rd1d2 Kf7
21.Rd5d6 Rc7c6
22.Rd6xc6 Rc8xc6
23.g3 Nf8e6
24.f4 exf4
25.gxf4 Ne6c5
26.Be3xc5 Rc6xc5
27.Kf2 a5
28.Ke3 Ke7
29.h4 h5
30.Kd3 Ke6
31.c4 Rc5c6
32.b3 g6
33.Ke3 Rc6a6
34.Rd2d5 Ke7
35.Kd4 Ke6
36.f5 gxf5
37.Rd5xf5 Ra6d6
38.Rf5d5 Rd6xd5
39.cxd5 Kd6
40.Kc4 Ke5
41.Kc5 Kxe4
42.d6 { resign }
1-0

[Event "Match"]
[Site "www.echecsemail.com"]
[Date "2017.07.05"]
[Round "1"]
[White "Chessnadja"]
[Black "George1955"]
[WhiteElo "2690"]
[BlackElo "2740"]
[Result "1-0"]
[Round "1"]
1.e3 d5
2.Bf1e2 e5
3.d4 e4
4.c4 Qd8g5
5.Kf1 Ng8f6
6.h4 Qg5f5
7.cxd5 Bf8d6
8.Ng1h3 h6
9.Nb1c3 Nf6xd5
10.g4 Qf5e6
11.Qd1c2 Nd5xc3
12.bxc3 O-O
13.c4 b6
14.Ra1b1 Nb8a6
15.Nh3f4 Bd6xf4
16.exf4 Qe6e7
17.a3 c6
18.f5 Rf8d8
19.Bc1e3 h5
20.Rh1g1 Na6c7
21.f6 gxf6
22.Rb1d1 Kh7
23.g5 Bc8h3
24.Ke1 Bh3f5
25.Be2xh5 Rd8g8
26.d5 cxd5
27.cxd5 Nc7e8
28.Be3f4 Ra8d8
29.Qc2d2 Ne8d6
30.Qd2d4 Bf5h3
31.Rd1c1 Nd6b5
32.Qd4e3 Bh3f5
33.a4 Nb5d6
34.Qe3d4 Nd6e8
35.Rg1g3 Qe7d7
36.Rc1d1 Bf5g6
37.Bh5g4 Bg6f5
38.Bg4e2 fxg5
39.hxg5 Rg8g6
40.Rg3g1 Ne8g7
41.Be2b5 Qd7c8
42.Rd1c1 Qc8a8
43.Rg1h1 Kg8
44.d6 a6
45.Bb5c6 Qa8b8
46.Rh1h6 b5
47.axb5 axb5
48.Bc6d5 Rd8d7
49.Rc1a1 Qb8e8
50.Rh6xg6 Bf5xg6
51.Qd4f6 Kh7
52.Ra1a8 Ng7h5
53.Ra8xe8 Nh5xf6
54.gxf6 Bg6f5
55.Bf4e5 Kg6
56.Re8e7 Rd7xd6
57.Be5xd6 Kxf6
58.Re7xf7 Kg6
59.Kd2 { resign }
1-0

[Event "Match"]
[Site "www.echecsemail.com"]
[Date "2017.07.05"]
[Round "1"]
[White "Olivia"]
[Black "Murmac"]
[WhiteElo "1329"]
[BlackElo "1499"]
[Result "0-1"]
[Round "1"]
1.e4 c6
2.d4 d5
3.exd5 cxd5
4.Bf1b5 Bc8d7
5.Nb1c3 Ng8f6
6.Ng1f3 e6
7.Bc1g5 Bf8e7
 { time }
0-1

[Event "1/128 Finale"]
[Site "www.chess-mail.com"]
[Date "2017.07.05"]
[Round "1"]
[White "Hennie4820"]
[Black "Pforjan"]
[WhiteElo "2070"]
[BlackElo "1499"]
[Result "0-1"]
[Round "1"]
1.e4 b6
2.d4 Bc8b7
3.f3 e6
4.Bc1e3 d5
5.exd5 exd5
6.Bf1d3 Ng8f6
7.Ng1e2 Bf8d6
8.O-O O-O
9.c3 Nb8d7
10.Qd1c2 h6
11.Nb1d2 Rf8e8
12.Be3f2 c5
13.dxc5 bxc5
14.Ra1d1 c4
15.Bd3f5 Re8xe2
16.Qc2c1 Qd8c7
17.h3 Re2xf2
18.Rf1xf2 Bd6c5
{ resign }
0-1

[Event "Tourn. n9337"]
[Site "www.chess-mail.com"]
[Date "2017.07.06"]
[Round "1"]
[White "Cjood"]
[Black "Odin"]
[WhiteElo "1879"]
[BlackElo "1830"]
[Result "1-0"]
[Round "1"]
1.e3 e5
2.d4 e4
3.Nb1c3 d5
4.Bf1e2 Ng8f6
5.f3 Bc8f5
6.g4 exf3
7.gxf5 fxe2
8.Qd1xe2 c6
9.h3 Nf6e4
10.Nc3xe4 dxe4
11.c3 Bf8d6
12.Qe2g4 Qd8e7
13.Qg4xg7 Qe7f8
14.Qg7xf8 Rh8xf8
15.Ng1e2 Nb8d7
16.Rh1g1 O-O-O
17.a3 Nd7b6
18.b3 Nb6d5
19.c4 Nd5f6
20.Ne2c3 Rf8g8
21.Kf2 Nf6h5
22.Rg1xg8 Rd8xg8
23.Nc3xe4 Bd6e7
24.Kf3 Rg8g1
25.Kf2 Rg1d1
26.Bc1b2 Rd1xa1
27.Bb2xa1 Be7xa3
28.Ne4g5 h6
29.Ng5xf7 Ba3f8
30.Kf3 Kd7
31.Nf7e5 Kc7
32.Kg4 Nh5f6
33.Kf4 Bf8d6
34.c5 Bd6e7
35.Ne5f7 Nf6d5
36.Ke4 h5
37.Nf7h8 b6
38.cxb6 axb6
39.Ba1b2 Nd5f6
40.Ke5 Nf6d5
41.Ke4 Nd5f6
42.Ke5 Kd7
43.Nh8g6 Be7d8
44.Ng6f8 Ke7
45.Nf8e6 Nf6d7
46.Kf4 Nd7f6
47.Bb2a3 Kd7
48.Ne6xd8 Kxd8
49.Kg5 Nf6d5
50.Ba3c1 Ke7
51.Kxh5 Nd5f6
52.Kg6 c5
53.dxc5 bxc5
54.Bc1b2 Nf6e4
55.h4 Kf8
56.h5 Ne4d6
57.Bb2g7 Kg8
58.f6 c4
59.bxc4 Nd6xc4
60.f7 
1-0

[Event "Tourn. n9383"]
[Site "www.chess-mail.com"]
[Date "2017.07.06"]
[Round "1"]
[White "Luban"]
[Black "Thrillerfan"]
[WhiteElo "2100"]
[BlackElo "2119"]
[Result "0-1"]
[Round "1"]
1.d4 Ng8f6
2.c4 g6
3.Ng1f3 Bf8g7
4.Nb1c3 d6
5.h3 O-O
6.e3 Nb8d7
7.d5 Nd7c5
8.Bf1d3 e5
9.e4 a5
10.Bc1e3 b6
11.Be3xc5 bxc5
12.O-O Nf6e8
13.Qd1c2 f5
14.Rf1e1 f4
15.a3 g5
16.b4 axb4
17.axb4 Ra8xa1
18.Re1xa1 g4
19.hxg4 cxb4
20.Nc3b5 Bc8xg4
21.Bd3e2 h5
22.c5 h4
23.Ra1a7 h3
24.Nf3xe5 Bg4xe2
25.Qc2xe2 Qd8g5
26.Ne5g4 f3
27.gxf3 b3
28.Kh2 b2
29.Nb5a3 Qg5f4
30.Kxh3 Qf4xf3
{ resign }
0-1

[Event "Tourn. n9429"]
[Site "www.chess-mail.com"]
[Date "2017.07.06"]
[Round "1"]
[White "Orhany24"]
[Black "Guidom"]
[WhiteElo "2150"]
[BlackElo "2090"]
[Result "0-1"]
[Round "1"]
1.e4 e5
2.Ng1f3 Nb8c6
3.Bf1c4 d6
4.d4 exd4
5.Nf3xd4 Nc6e5
6.Bc4b3 Bf8e7
7.O-O Ng8f6
8.f4 Ne5g6
9.Nb1c3 a6
10.Bc1e3 O-O
11.h3 b5
12.Nd4c6 Qd8d7
13.Nc6xe7 Ng6xe7
14.a3 c5
15.Nc3d5 Ne7xd5
16.Bb3xd5 Nf6xd5
17.exd5 Qd7f5
18.b3 Rf8e8
19.Rf1e1 Bc8b7
20.c4 bxc4
21.bxc4 a5
22.Qd1d2 Bb7a6
23.Ra1c1 h6
24.g4 Qf5f6
25.Kg2 Ra8b8
26.Kg3 Rb8b3
{ resign }
0-1

[Event "Tourn. n9418"]
[Site "www.chess-mail.com"]
[Date "2017.07.06"]
[Round "1"]
[White "Redabond"]
[Black "Madz123456"]
[WhiteElo "1600"]
[BlackElo "1830"]
[Result "0-1"]
[Round "1"]
1.d4 Ng8f6
2.Bc1f4 e6
3.Nb1c3 d5
4.Nc3b5 Bf8d6
5.Bf4g5 O-O
6.e3 Nb8c6
7.Ng1f3 Bd6b4
8.c3 Bb4e7
9.Bg5f4 a6
10.Nb5a3 Nf6e4
11.Bf1d3 f5
12.Bd3xe4 fxe4
13.Nf3d2 Be7f6
14.O-O e5
15.dxe5 Bf6xe5
16.Bf4xe5 Nc6xe5
17.Qd1b3 c5
18.Rf1d1 Bc8e6
19.Qb3xb7 Rf8f7
20.Qb7b3 Qd8h4
21.Qb3b6 Qh4xf2
22.Kh1 Be6g4
23.Qb6xc5 Bg4xd1
24.Ra1xd1 Qf2e2
25.Rd1g1 Ne5d3
26.Qc5xd5 Nd3f2
{ resign }
0-1

[Event "Tourn. n9403"]
[Site "www.chess-mail.com"]
[Date "2017.07.06"]
[Round "1"]
[White "Azulmarino"]
[Black "Gvladutz"]
[WhiteElo "1540"]
[BlackElo "1499"]
[Result "0-1"]
[Round "1"]
1.e4 e6
2.Nb1c3 d5
3.e5 d4
4.Nc3e4 f5
5.Ne4g3 Ng8e7
6.Bf1c4 Ne7g6
7.d3 Ng6xe5
8.Ng1f3 Ne5xc4
9.dxc4 c5
10.Bc1f4 Qd8a5
11.Bf4d2 Qa5c7
12.O-O f4
13.Ng3e4 Bf8e7
14.c3 O-O
15.cxd4 cxd4
16.Nf3xd4 Qc7e5
17.Bd2c3 Qe5xe4
18.Qd1g4 Be7f6
19.Rf1e1 Qe4d3
20.Nd4xe6 Bf6xc3
21.Qg4xg7 Bc3xg7
22.Ra1d1 Qd3xd1
23.Re1xd1 Bc8xe6
24.b3 Nb8c6
{ resign }
0-1

[Event "Tourn. n9428"]
[Site "www.chess-mail.com"]
[Date "2017.07.06"]
[Round "1"]
[White "Gvladutz"]
[Black "Awfen"]
[WhiteElo "2079"]
[BlackElo "2030"]
[Result "1-0"]
[Round "1"]
1.e4 Nb8c6
2.Ng1f3 e5
3.Bf1b5 d6
4.d4 Bc8d7
5.Nb1c3 a6
6.Bb5xc6 bxc6
7.dxe5 d5
8.O-O Bd7g4
9.Qd1d3 dxe4
10.Qd3xe4 Bg4d7
11.Rf1d1 Bf8c5
12.Bc1g5 Ng8e7
13.e6 fxe6
14.Qe4e5 Bc5d6
15.Qe5xg7 Rh8g8
16.Qg7xh7 { resign }
1-0

[Event "Tourn. n9441"]
[Site "www.chess-mail.com"]
[Date "2017.07.06"]
[Round "1"]
[White "Guidom"]
[Black "Ranjachess"]
[WhiteElo "2070"]
[BlackElo "1850"]
[Result "1-0"]
[Round "1"]
1.e4 e5
2.Ng1f3 Nb8c6
3.Bf1b5 Qd8f6
4.c3 a6
5.Bb5a4 b5
6.Ba4b3 d6
7.d3 h6
8.Bc1e3 Bc8e6
9.d4 Be6g4
10.d5 Bg4xf3
11.gxf3 Nc6a5
12.Nb1d2 Qf6g6
13.Ke2 f5
14.Rh1g1 Qg6f6
15.Nd2f1 f4
16.Be3d2 c5
17.Bb3c2 c4
18.b4 Na5b7
19.a4 Qf6d8
20.axb5 axb5
21.Qd1b1 Bf8e7
22.Rg1xg7 Qd8b6
23.Ra1xa8 Kd7
24.Rg7xg8 Rh8xg8
25.Ra8xg8 Be7h4
26.Rg8g2 Nb7d8
27.Qb1a2 Nd8f7
28.Qa2a8 Nf7g5
29.Qa8f8 Qb6d8
30.Qf8xh6 Ng5h3
31.Qh6h7 Bh4e7
32.Qh7xh3 Kc7
33.Rg2g7 Kb6
34.Qh3h7 Kb7
35.Rg7xe7 Kb8
36.Qh7f7 Ka8
37.Re7a7 Kb8
38.Qf7b7 
1-0

[Event "Tourn. n9441"]
[Site "www.chess-mail.com"]
[Date "2017.07.06"]
[Round "1"]
[White "Guidom"]
[Black "Griffo30"]
[WhiteElo "2070"]
[BlackElo "2070"]
[Result "1/2-1/2"]
[Round "1"]
1.e4 e6
2.d4 d5
3.Nb1c3 Bf8b4
4.e5 c5
5.a3 Bb4xc3
6.bxc3 Ng8e7
7.Bf1d3 Nb8c6
8.Ng1f3 c4
9.Bd3e2 O-O
10.Bc1g5 h6
11.Bg5h4 Qd8a5
12.Qd1d2 Ne7g6
13.Bh4g3 b5
14.O-O a6
15.Rf1b1 Bc8d7
16.h4 Ng6e7
17.Kh2 f6
18.exf6 Rf8xf6
19.Nf3e5 Nc6xe5
20.Bg3xe5 Rf6f7
21.Be2h5 Rf7f5
22.Bh5g4 Rf5f7
23.Bg4h5 Rf7f5
24.Bh5g4 { draw }
1/2-1/2

[Event "Match"]
[Site "www.echecsemail.com"]
[Date "2017.07.06"]
[Round "1"]
[White "Cjood"]
[Black "Biggles"]
[WhiteElo "1940"]
[BlackElo "2070"]
[Result "1-0"]
[Round "1"]
1.e4 d5
2.exd5 Qd8xd5
3.Nb1c3 Qd5a5
4.d4 Ng8f6
5.Bc1d2 c6
6.Qd1e2 Bc8f5
7.Nc3e4 Qa5d8
8.Ne4xf6 gxf6
9.c3 Bf8g7
10.g4 Bf5e6
11.b3 Nb8d7
12.O-O-O Qd8b6
13.h3 O-O-O
14.Bd2e3 Be6d5
15.f3 e5
16.dxe5 Nd7xe5
17.Be3xb6 { resign }
1-0

[Event "Match"]
[Site "www.echecsemail.com"]
[Date "2017.07.06"]
[Round "1"]
[White "Cjood"]
[Black "Albertf"]
[WhiteElo "1820"]
[BlackElo "1890"]
[Result "1-0"]
[Round "1"]
1.Ng1f3 Nb8c6
2.d4 d5
3.Bc1f4 e6
4.Nb1c3 Bf8b4
5.e3 Ng8f6
6.Bf1d3 O-O
7.O-O Bb4xc3
8.bxc3 Rf8e8
9.Bd3b5 Bc8d7
10.a3 a6
11.Bb5d3 Nf6h5
12.Bf4g5 f6
13.Bg5h4 e5
14.dxe5 Nc6xe5
15.Nf3xe5 Re8xe5
16.f4 { resign }
1-0

[Event "Match"]
[Site "www.echecsemail.com"]
[Date "2017.07.06"]
[Round "1"]
[White "Albertf"]
[Black "Caspito"]
[WhiteElo "1850"]
[BlackElo "1900"]
[Result "0-1"]
[Round "1"]
1.d4 g6
2.c4 e6
3.Nb1c3 Bf8g7
4.e3 d5
5.Ng1f3 Ng8f6
6.cxd5 exd5
7.Bf1d3 Bc8g4
8.Bd3e2 O-O
9.O-O c6
10.b3 Nb8d7
11.Bc1b2 Qd8c7
12.h3 Bg4xh3
13.gxh3 Ra8e8
14.Nf3e5 Nf6e4
15.Ra1c1 Nd7xe5
16.dxe5 Qc7xe5
17.Qd1e1 Qe5g5
18.Kh1 Qg5h6
19.Kg2 Ne4g5
20.Rf1h1 Re8e6
21.Qe1d2 a6
22.Rc1g1 b5
23.Kf1 Re6f6
24.Nc3xd5 Rf6xf2
25.Kxf2 Ng5e4
{ resign }
0-1

[Event "Match"]
[Site "www.echecsemail.com"]
[Date "2017.07.06"]
[Round "1"]
[White "Ranjachess"]
[Black "Rindrandria"]
[WhiteElo "1860"]
[BlackElo "1700"]
[Result "1-0"]
[Round "1"]
1.d4 h6
2.e4 c5
3.d5 Qd8b6
4.Bf1c4 d6
5.Ng1f3 Qb6b4
6.Nb1d2 b5
7.c3 Qb4a5
8.Bc4e2 Bc8b7
9.c4 bxc4
10.Be2xc4 Bb7a6
11.O-O g5
12.Nd2b3 Qa5a4
13.Nf3d2 Ba6xc4
14.Nd2xc4 Qa4xc4
15.Bc1d2 Qc4xe4
16.Bd2c3 f6
17.Rf1e1 Qe4g6
18.Qd1e2 Nb8d7
19.Nb3a5 Qg6f5
20.Ra1d1 Nd7e5
21.Na5c6 Ne5xc6
22.dxc6 a6
23.Qe2h5 Kd8
24.Bc3a5 Kc8
25.Qh5e8 
1-0

[Event "Match"]
[Site "www.echecsemail.com"]
[Date "2017.07.06"]
[Round "1"]
[White "86eamon"]
[Black "52maurice"]
[WhiteElo "1709"]
[BlackElo "1289"]
[Result "1-0"]
[Round "1"]
1.b3 e5
2.a3 Nb8c6
3.b4 b5
4.Nb1c3 Ng8f6
5.Nc3xb5 Bc8a6
6.Nb5c3 Ra8b8
7.Ra1b1 d5
8.b5 Nc6d4
9.bxa6 Rb8c8
10.Rb1b7 Rc8a8
11.e3 Nd4c6
12.Nc3b5 Nc6a5
13.Nb5xc7 Ke7
14.Nc7xa8 Nf6d7
15.Rb7xa7 Qd8b8
16.Ra7xd7 Kxd7
17.Qd1g4 Kd6
18.Qg4b4 Qb8xb4
19.axb4 Na5c4
20.Bf1xc4 dxc4
21.Bc1a3 Kd7
22.a7 Bf8d6
23.Na8b6 Kc7
24.Nb6xc4 Rh8a8
25.b5 Bd6xa3
26.Nc4xa3 Kb6
27.c4 Ra8xa7
28.Na3c2 f6
29.Ng1h3 g5
30.Ke2 e4
31.d4 g4
32.Nh3f4 f5
33.Nf4d5 Kb7
34.b6 Ra7a8
35.c5 Ra8a2
36.Rh1c1 h5
37.Nd5f6 h4
38.d5 Ra2a5
39.Nc2d4 Ra5a4
40.Rc1b1 Ra4xd4
41.c6 Kc8
42.b7 Kd8
43.Rb1a1 Rd4b4
44.Ra1a7 Ke7
45.b8R Kxf6
46.c7 f4
47.Rb8f8 Ke5
48.c8R fxe3
49.fxe3 Rb4b2
50.Kf1 Rb2b1
51.Ke2 Rb1b2
52.Kd1 Rb2b1
53.Kc2 Rb1e1
54.Ra7d7 Re1e2
55.Kd1 Re2xe3
56.d6 Re3d3
57.Ke2 Rd3d5
58.Rc8e8 Kd4
59.Rf8f6 g3
60.hxg3 hxg3
61.Rf6f4 Rd5e5
62.Rd7e7 Re5d5
63.Rf4xe4 Kc5
64.d7 Rd5d6
65.Re7e5 Kc6
66.d8R Kc7
67.Re5c5 Kb6
68.Rd8xd6 Kxc5
69.Rd6h6 Kd5
70.Re8e5 { resign }
1-0

[Event "Match"]
[Site "www.echecsemail.com"]
[Date "2017.07.06"]
[Round "1"]
[White "Karlgrocer"]
[Black "Astroboy"]
[WhiteElo "2030"]
[BlackElo "1499"]
[Result "0-1"]
[Round "1"]
1.Ng1f3 d6
2.d4 f5
3.e3 Ng8f6
4.Bf1e2 g6
5.O-O Bf8g7
6.Nb1d2 O-O
7.c4 c6
8.b3 h6
9.Bc1b2 Nb8d7
10.Qd1c2 Qd8c7
11.Ra1c1 e5
12.dxe5 dxe5
13.Nf3h4 Kh7
14.e4 f4
15.Nh4f3 g5
16.Nf3e1 g4
17.f3 h5
18.Ne1d3 g3
19.h3 Nf6g8
20.c5 Ng8e7
21.Nd2c4 Rf8d8
22.Qc2c3 Ne7g6
23.b4 Nd7f8
24.Nc4d6 Nf8e6
25.Be2d1 a5
26.Qc3c2 axb4
27.Nd3xb4 Rd8xd6
28.cxd6 Qc7b6
29.Kh1 Qb6xb4
30.Bd1e2 Ra8xa2
31.Rc1b1 Qb4xd6
32.Rf1d1 Ne6d4
33.Qc2d3 Bc8xh3
34.gxh3 Qd6e6
35.Bb2c3 Qe6xh3
{ resign }
0-1

[Event "Match"]
[Site "www.echecsemail.com"]
[Date "2017.07.06"]
[Round "1"]
[White "Azocarfreund"]
[Black "Drdoom"]
[WhiteElo "1399"]
[BlackElo "1610"]
[Result "1-0"]
[Round "1"]
1.e4 e5
2.Ng1f3 Nb8c6
3.Bf1c4 h6
4.c3 Ng8f6
5.d3 d6
6.Qd1b3 Bc8e6
7.Bc4xe6 fxe6
8.Qb3xe6 Bf8e7
9.O-O Qd8d7
10.Qe6b3 O-O-O
11.Bc1e3  { time }
1-0

[Event "Match"]
[Site "www.echecsemail.com"]
[Date "2017.07.06"]
[Round "1"]
[White "Billyg"]
[Black "Cjood"]
[WhiteElo "1700"]
[BlackElo "1920"]
[Result "0-1"]
[Round "1"]
1.e4 e5
2.Ng1f3 Nb8c6
3.Bf1b5 Ng8e7
4.Bb5xc6 Ne7xc6
5.d4 exd4
6.Nf3xd4 Nc6xd4
7.Qd1xd4 c5
8.Qd4e3 b5
9.O-O g6
10.Nb1c3 Bc8a6
11.Rf1d1 b4
12.Nc3d5 Ba6b7
13.a3 Bb7xd5
14.exd5 Bf8e7
15.d6 Ra8c8
16.dxe7 Qd8c7
17.c3 bxc3
18.Rd1e1 cxb2
19.Bc1xb2 Rh8g8
20.Ra1d1 d6
21.Rd1c1 f5
22.Qe3b3 c4
23.Qb3b5 Qc7c6
24.Qb5xc6 Rc8xc6
25.a4 d5
26.Bb2a3 d4
27.Ba3b4 d3
28.Re1e5 Kd7
29.Rc1e1 Rg8e8
30.Re5d5 Kc7
31.Bb4a5 Kb7
32.Rd5d8 Rc6c8
33.Rd8xe8 Rc8xe8
34.Re1e6 g5
35.Ba5b4 Kc7
36.Re6f6 f4
37.Rf6e6 Kd7
38.Re6e4 Re8c8
39.Re4d4 Ke8
40.Rd4d5 h6
41.Bb4a5 Kxe7
42.Ba5b4 Ke8
43.Bb4c3 Rc8b8
44.h3 Rb8b3
45.Bc3d4 Rb3b1
46.Kh2 d2
47.Rd5e5 Kf7
48.Re5f5 Kg6
{ resign }
0-1